01669nam a2200301Ia 450000500170000000800410001702000150005804100080007308200170008110000240009824501000012225000220022230000250024449000160026950502880028552003850057353400380095865000500099665000350104665000500108165000450113170000410117626400270121733600270124433700330127133800280130404000350133220220316235614.0121119s2003 ck gr 000 0 spa  a95870401041 aspa04a338.91bS73m1 aStiglitz, Joseph E.13aEl malestar en la globalización cJoseph E. Stiglitz ; traducción, Carlos Rodríguez Braun aPrimera edición a314 páginasc24 cm0 aPensamiento0 a1. La promesa de las instituciones globales -- 2. Promesas rotas 3. ¿Libertad de elegir? -- 4. La crisis del este asiático -- 5. ¿Quién perdió a Rusia? -- 6. Leyes comerciales injustas -- 7. Mejores caminos hacia el mercado -- 8. La otra agenda del FMI -- 9. Camino al futuro3 aEl proceso de globalización orientado por el FMI y las organizaciones internacionales ha causado un sufrimiento excesivo a los países en desarrollo. La fuerte reacción contra la globalización tiene sus raíces no sólo en los perjuicios ocasionados a estos países debido a las políticas ideológicas sino también en las desigualdades del sistema comercial mundial tGlobalization and its discontents14aIntegración económica internacional2LEMB14aFinanzas internacionales2LEMB14aGlobalización xAspectos económicos2LEMB14aRegulación del comercio exterior2LEMB1 aRodríguez Braun, Carlosetraductor aBogotábTaurusc2003 atextobtxt2rdacontent asin mediaciónbn2rdamedia avolumenbnc2rdacarrier aCO-BoRNBPbspaerdacCO-BoRNBP